1001 câu hỏi - đáp kiến thức khoa học phổ thông

Gồm các câu hỏi và trả lời về kiến thức khoa học phổ thông thuộc rất nhiều lĩnh vực như toán học, vật lý, hóa học, văn học, địa lý,... được trình bày dưới dạng hỏi - đáp.; TM tài liệu tham khảo tr. 342...

Full description

Saved in:
Bibliographic Details
Main Author: Lê, Thanh Tùng
Format: Book
Language:Undetermined
Published: H. Thanh niên 2018
Subjects:
Online Access:http://lrc.tdmu.edu.vn/opac/search/detail.asp?aID=2&ID=32929
Tags: Add Tag
No Tags, Be the first to tag this record!
Institutions: Trung tâm Học liệu Trường Đại học Thủ Dầu Một
LEADER 00981nam a2200205Ia 4500
001 TDMU_32929
008 210410s9999 xx 000 0 und d
082 |a 004.167 
090 |b L250 
100 |a Lê, Thanh Tùng 
245 0 |a 1001 câu hỏi - đáp kiến thức khoa học phổ thông 
245 0 |c Lê Thanh Tùng (b.soạn) 
260 |a H. 
260 |b Thanh niên 
260 |c 2018 
300 |a 343 tr 
520 |a Gồm các câu hỏi và trả lời về kiến thức khoa học phổ thông thuộc rất nhiều lĩnh vực như toán học, vật lý, hóa học, văn học, địa lý,... được trình bày dưới dạng hỏi - đáp.; TM tài liệu tham khảo tr. 342 
650 |a Khoa học phổ thông  |x Kiến thức  |v Hỏi đáp 
856 |u http://lrc.tdmu.edu.vn/opac/search/detail.asp?aID=2&ID=32929 
980 |a Trung tâm Học liệu Trường Đại học Thủ Dầu Một